[Event "Lund CellaVision Cup"]
[Site "Lund"]
[Date "2016.08.07"]
[Round "8"]
[White "Storme, Isak"]
[Black "Malekian, Babak"]
[Result "1/2-1/2"]
[WhiteElo "2108"]
[BlackElo "2294"]
[PlyCount "30"]
[EventDate "2016.08.05"]
[EventType "swiss"]
[EventRounds "8"]
[EventCountry "SWE"]
[SourceTitle "CBM 173 Extra"]
[Source "ChessBase"]
[SourceDate "2016.08.29"]
[SourceVersion "1"]
[SourceVersionDate "2016.08.29"]
[SourceQuality "1"]

1. e4 g6 2. d4 c6 3. Nc3 d5 4. e5 a6 5. h4 h5 6. Bd3 Nh6 7. Nh3 Bxh3 8. Rxh3 e6 9. Bg5 Qb6 10. Ne2 c5 11. c3 Nc6 12. Kf1 Be7 13. Bxe7 Nxe7 14. dxc5 Qxc5 15. Nd4 Nhf5 1/2-1/2

[Event "Deltalift op"]
[Site "Tylosand"]
[Date "2016.05.07"]
[Round "7"]
[White "Segerberg, Tomas Olof"]
[Black "Malekian, Babak"]
[Result "0-1"]
[WhiteElo "2099"]
[BlackElo "2275"]
[PlyCount "106"]
[EventDate "2016.05.05"]
[EventType "swiss"]
[EventRounds "8"]
[EventCountry "SWE"]
[SourceTitle "CBM 172 Extra"]
[Source "ChessBase"]
[SourceDate "2016.06.21"]
[SourceVersion "1"]
[SourceVersionDate "2016.06.21"]
[SourceQuality "1"]

1. d4 b6 2. c4 Bb7 3. Nc3 e6 4. a3 Nf6 5. d5 Na6 6. g3 Nc5 7. Bg2 a5 8. Nh3 a4 9. 0-0 exd5 10. cxd5 d6 11. Nf4 Be7 12. Nd3 Nxd3 13. Qxd3 0-0 14. Be3 Ra5 15. Rfd1 Nd7 16. Rab1 Re8 17. Qc2 Qa8 18. Bd4 Nc5 19. Bxc5 bxc5 20. e4 Bf6 21. Kh1 g6 22. Rd2 Qa7 23. Re1 Bc8 24. Nd1 Rb5 25. f4 Bd4 26. Bf1 Rb8 27. Nc3 Bd7 28. Rde2 Qa5 29. h3 f6 30. Kh2 Rb3 31. Nd1 Qb6 32. Rg2 Bb5 33. Bxb5 Qxb5 34. f5 gxf5 35. Ree2 Qd3 36. exf5 Rxe2 37. Qxe2 Qxe2 38. Rxe2 Be5 39. Re3 Rxe3 40. Nxe3 Bxb2 41. Nc4 Bc1 42. g4 Kf7 43. Kg3 Ke7 44. Kh4 Kd7 45. Kh5 c6 46. h4 cxd5 47. Nb6+ Ke7 48. Nxd5+ Kf7 49. g5 fxg5 50. hxg5 Bxa3 51. g6+ hxg6+ 52. fxg6+ Kg7 53. Ne3 Bb2 0-1

[Event "Deltalift op"]
[Site "Tylosand"]
[Date "2016.05.06"]
[Round "5"]
[White "Backman, Andreas"]
[Black "Malekian, Babak"]
[Result "1/2-1/2"]
[WhiteElo "2149"]
[BlackElo "2275"]
[PlyCount "20"]
[EventDate "2016.05.05"]
[EventType "swiss"]
[EventRounds "8"]
[EventCountry "SWE"]
[SourceTitle "CBM 172 Extra"]
[Source "ChessBase"]
[SourceDate "2016.06.21"]
[SourceVersion "1"]
[SourceVersionDate "2016.06.21"]
[SourceQuality "1"]

1. d4 b6 2. e4 Bb7 3. Bd3 e6 4. Nf3 c5 5. c3 Nf6 6. Qe2 Be7 7. 0-0 Nc6 8. Nbd2 cxd4 9. cxd4 Nb4 10. Bc4 0-0 1/2-1/2

[Event "Deltalift op"]
[Site "Tylosand"]
[Date "2016.05.05"]
[Round "4"]
[White "Malekian, Babak"]
[Black "Ivarsson, Torbjorn"]
[Result "1/2-1/2"]
[WhiteElo "2275"]
[BlackElo "2185"]
[PlyCount "58"]
[EventDate "2016.05.05"]
[EventType "swiss"]
[EventRounds "8"]
[EventCountry "SWE"]
[SourceTitle "CBM 172 Extra"]
[Source "ChessBase"]
[SourceDate "2016.06.21"]
[SourceVersion "1"]
[SourceVersionDate "2016.06.21"]
[SourceQuality "1"]

1. b3 Nf6 2. Bb2 e6 3. f4 b6 4. Nf3 Bb7 5. e3 Be7 6. Nc3 0-0 7. Bd3 Na6 8. Bxa6 Bxa6 9. Ne5 Bb7 10. Rg1 d6 11. Ng4 Nxg4 12. Qxg4 f5 13. Qh3 Bf6 14. 0-0-0 Qe7 15. g4 fxg4 16. Qxg4 Rf7 17. Rg3 Raf8 18. Kb1 Bc8 19. Qh5 g6 20. Ne4 Bxb2 21. Kxb2 e5 22. fxe5 Rf5 23. Qh6 Qxe5+ 24. d4 Qg7 25. Qh4 d5 26. Nc3 c6 27. Rd2 Rf1 28. Rgg2 R1f3 29. Rg3 Rf1 1/2-1/2

[Event "Vaxjo op"]
[Site "Vaxjo"]
[Date "2016.02.20"]
[Round "6"]
[White "Malekian, Babak"]
[Black "Hector, Jonny"]
[Result "1-0"]
[WhiteElo "2245"]
[BlackElo "2493"]
[PlyCount "105"]
[EventDate "2016.02.19"]
[EventType "swiss"]
[EventRounds "8"]
[EventCountry "SWE"]
[SourceTitle "CBM 170 Extra"]
[Source "ChessBase"]
[SourceDate "2016.02.25"]
[SourceVersion "1"]
[SourceVersionDate "2016.02.25"]
[SourceQuality "1"]

1. d4 d5 2. Bf4 c5 3. e3 Nc6 4. c3 Nf6 5. Nd2 Bf5 6. Qb3 Qc8 7. h3 e6 8. Ngf3 h6 9. Ne5 Nxe5 10. Bxe5 Nd7 11. Bg3 Be7 12. Be2 0-0 13. 0-0 c4 14. Qd1 b5 15. Bf3 Bd3 16. Re1 Nf6 17. e4 dxe4 18. Nxe4 Nd5 19. Nd2 Qd7 20. a3 a5 21. Nf1 Rac8 22. Ne3 Nb6 23. Ng4 f6 24. Qd2 Rce8 25. Nh2 Bg6 26. Be4 Bxe4 27. Rxe4 Nd5 28. Re2 Bd8 29. Nf3 Bb6 30. Qc2 Rc8 31. Nd2 Rc6 32. Nf1 Ne7 33. Bf4 g5 34. Bh2 Kg7 35. Kh1 Ng6 36. Rae1 Rd8 37. Ng3 Qf7 38. Nh5+ Kh7 39. f4 Rd5 40. fxg5 hxg5 41. Ng3 f5 42. Nf1 f4 43. Nd2 Kg7 44. Nf3 Bd8 45. Re4 Bf6 46. Qe2 Rdd6 47. g3 Bd8 48. gxf4 gxf4 49. Rg1 Qf5 50. Rxf4 Qxh3 51. Ne5 Rc7 52. Rxg6+ Kh7 53. Qe4 1-0

[Event "Vaxjo op"]
[Site "Vaxjo"]
[Date "2016.02.19"]
[Round "3"]
[White "Nilsson, Mikael"]
[Black "Malekian, Babak"]
[Result "0-1"]
[WhiteElo "2059"]
[BlackElo "2245"]
[PlyCount "76"]
[EventDate "2016.02.19"]
[EventType "swiss"]
[EventRounds "8"]
[EventCountry "SWE"]
[SourceTitle "CBM 170 Extra"]
[Source "ChessBase"]
[SourceDate "2016.02.25"]
[SourceVersion "1"]
[SourceVersionDate "2016.02.25"]
[SourceQuality "1"]

1. e4 g6 2. d4 c6 3. Be3 d5 4. exd5 cxd5 5. c4 Nf6 6. Nc3 Bg7 7. Nf3 0-0 8. Rc1 Nc6 9. Ne5 Nxe5 10. dxe5 Ng4 11. Nxd5 Nxe3 12. Nxe3 Qa5+ 13. Qd2 Qxe5 14. Be2 Qxb2 15. Qxb2 Bxb2 16. Rc2 Ba3 17. 0-0 Bd7 18. Bf3 Rab8 19. Nd5 Bc6 20. Re1 e6 21. Nf6+ Kg7 22. Bxc6 Kxf6 23. Bf3 Rfd8 24. h4 Bc5 25. h5 b6 26. hxg6 hxg6 27. Rd1 Rxd1+ 28. Bxd1 Rd8 29. Bf3 Rd4 30. Kf1 g5 31. Bc6 g4 32. Ke2 Rf4 33. f3 g3 34. Be4 Ke5 35. Rc1 Rh4 36. Bd3 Rh2 37. f4+ Kxf4 38. Rf1+ Bf2 0-1

[Event "SRB Central-ch op-A 8th"]
[Site "Paracin"]
[Date "2015.07.07"]
[Round "6"]
[White "Nestorovic, Dejan"]
[Black "Malekian, Babak"]
[Result "1-0"]
[WhiteElo "2408"]
[BlackElo "2262"]
[PlyCount "107"]
[EventDate "2015.07.03"]
[EventType "swiss"]
[EventRounds "9"]
[EventCountry "SRB"]
[SourceTitle "CBM 167 Extra"]
[Source "ChessBase"]
[SourceDate "2015.09.14"]
[SourceVersion "1"]
[SourceVersionDate "2015.09.14"]
[SourceQuality "1"]

1. d4 g6 2. c4 Bg7 3. e4 d6 4. Nc3 Nc6 5. Be3 e5 6. d5 Nce7 7. Qd2 f5 8. f3 Nf6 9. h3 f4 10. Bf2 b6 11. 0-0-0 g5 12. Nge2 Ng6 13. Kb1 h5 14. Nc1 Kf7 15. b4 a5 16. a3 axb4 17. axb4 g4 18. Nb3 Bh6 19. Kb2 Bg5 20. Qe1 Ne8 21. hxg4 hxg4 22. Rxh8 Nxh8 23. Be2 g3 24. Bg1 Ng6 25. c5 bxc5 26. bxc5 Nh4 27. Qf1 Be7 28. c6 Nf6 29. Ra1 Rxa1 30. Kxa1 Qh8 31. Nb5 Bd8 32. Na7 Be7 33. Kb2 Nh7 34. Na5 Ng5 35. Nb7 Ng6 36. Kb3 Bf6 37. Ka4 Kg7 38. Ka5 Bh3 39. Nb5 Bxg2 40. Qxg2 Bd8 41. Ka6 Kf6 42. Nxd8 Qxd8 43. Kb7 Ne7 44. Na7 Kg6 45. Qh1 Nh7 46. Qh3 Nf6 47. Bf1 Kg7 48. Qe6 Neg8 49. Nb5 Nh6 50. Bb6 Nf7 51. Bxc7 Qh8 52. Nxd6 Nxd6+ 53. Bxd6 Qh1 54. Bxe5 1-0

[Event "SRB Central-ch op-A 8th"]
[Site "Paracin"]
[Date "2015.07.03"]
[Round "1"]
[White "Malekian, Babak"]
[Black "Kucuksari, Kaan"]
[Result "1-0"]
[WhiteElo "2262"]
[BlackElo "1981"]
[PlyCount "87"]
[EventDate "2015.07.03"]
[EventType "swiss"]
[EventRounds "9"]
[EventCountry "SRB"]
[SourceTitle "CBM 167 Extra"]
[Source "ChessBase"]
[SourceDate "2015.09.14"]
[SourceVersion "1"]
[SourceVersionDate "2015.09.14"]
[SourceQuality "1"]

1. Nf3 Nf6 2. g3 e6 3. Bg2 b6 4. Ne5 d5 5. c4 Bd6 6. d4 0-0 7. Nc3 Bb7 8. Bg5 h6 9. Bxf6 Qxf6 10. f4 c6 11. 0-0 Qe7 12. Qa4 Rd8 13. Rfd1 f6 14. Nd3 Nd7 15. e4 dxe4 16. Bxe4 Rdc8 17. Re1 Qf7 18. Re2 a6 19. Qb3 Rc7 20. Rae1 b5 21. c5 Bf8 22. Bg2 e5 23. Qxf7+ Kxf7 24. fxe5 fxe5 25. Nxe5+ Nxe5 26. Rxe5 Rd8 27. Ne2 Be7 28. Bh3 Bc8 29. Bxc8 Rcxc8 30. Kf2 Bf6 31. Re4 Re8 32. Ke3 Rxe4+ 33. Kxe4 Re8+ 34. Kd3 Rd8 35. Rd1 Kg6 36. b4 Kf5 37. h3 Ke6 38. Ke4 g5 39. a4 Rb8 40. Ra1 Re8 41. axb5 axb5 42. Ra7 Rc8 43. Rh7 h5 44. h4 1-0

[Event "SWE-chT 0001"]
[Site "Sweden"]
[Date "2001.02.10"]
[Round "7"]
[White "Mortensen, Erling"]
[Black "Malekian, Babak"]
[Result "1-0"]
[WhiteElo "2463"]
[BlackElo "2269"]
[PlyCount "136"]
[EventDate "2000.10.13"]
[EventType "team"]
[EventRounds "11"]
[EventCountry "SWE"]
[SourceTitle "EXT 2006"]
[Source "ChessBase"]
[SourceDate "2005.11.24"]
[SourceVersion "1"]
[SourceVersionDate "2005.11.24"]
[SourceQuality "1"]
[WhiteTeam "Lunds"]
[BlackTeam "Kirsebergs"]
[WhiteTeamCountry "SWE"]
[BlackTeamCountry "SWE"]

1. e4 g6 2. d4 c6 3. f4 d5 4. e5 h5 5. c4 Nh6 6. Nc3 dxc4 7. Bxc4 Bg7 8. Nf3 0-0 9. h3 b5 10. Bb3 Na6 11. Be3 Nc7 12. 0-0 Be6 13. Bxe6 Nxe6 14. d5 cxd5 15. Nxd5 Nc7 16. Nxc7 Qxc7 17. Nd4 a6 18. Rc1 Qb7 19. Rc6 Rfc8 20. Qf3 Rxc6 21. Nxc6 Re8 22. Rc1 Nf5 23. Bf2 e6 24. Nd4 Qxf3 25. Nxf3 Bh6 26. Rc6 Ra8 27. g3 h4 28. g4 Ne7 29. Rd6 Bxf4 30. Bxh4 Nd5 31. Bg5 Bxg5 32. Nxg5 Ra7 33. Kf2 Kf8 34. h4 Ke7 35. Rc6 Nb4 36. Rc3 Rd7 37. Ke2 Rd4 38. Rc7+ Kd8 39. Rxf7 Rxg4 40. Rh7 Kc8 41. Kf3 Rg1 42. Nxe6 Re1 43. Nf4 Rxe5 44. Nxg6 Rf5+ 45. Ke4 Rf2 46. h5 Rxb2 47. h6 Rh2 48. Ne7+ Kd7 49. Nd5+ Ke6 50. Nxb4 Rh4+ 51. Kf3 Rxb4 52. Ra7 Rh4 53. Kg3 Rh1 54. Kg4 Ke5 55. Rxa6 Rg1+ 56. Kf3 Rh1 57. Rb6 Kd4 58. Kf4 b4 59. Kg5 Kc3 60. Kg6 Rg1+ 61. Kf7 Rf1+ 62. Kg7 Rg1+ 63. Rg6 Rxg6+ 64. Kxg6 Kb2 65. h7 Kxa2 66. h8Q b3 67. Qa8+ Kb1 68. Qe4+ Ka2 1-0

[Event "SWE-chT 0001"]
[Site "Sweden"]
[Date "2001.01.20"]
[Round "6"]
[White "Jepson, Christian"]
[Black "Malekian, Babak"]
[Result "0-1"]
[WhiteElo "2465"]
[BlackElo "2269"]
[PlyCount "76"]
[EventDate "2000.10.13"]
[EventType "team"]
[EventRounds "11"]
[EventCountry "SWE"]
[SourceTitle "EXT 2006"]
[Source "ChessBase"]
[SourceDate "2005.11.24"]
[SourceVersion "1"]
[SourceVersionDate "2005.11.24"]
[SourceQuality "1"]
[WhiteTeam "Limhamn"]
[BlackTeam "Kirsebergs"]
[WhiteTeamCountry "SWE"]
[BlackTeamCountry "SWE"]

1. d4 g6 2. c4 Bg7 3. Nc3 d6 4. g3 e5 5. dxe5 Bxe5 6. Nf3 Bg7 7. Bg5 Nf6 8. Bg2 h6 9. Bf4 0-0 10. 0-0 Nc6 11. Rc1 g5 12. Bd2 Bf5 13. Be3 Ng4 14. Bd4 Nxd4 15. Nxd4 Bc8 16. b3 c6 17. e4 Qf6 18. Nce2 Qe5 19. Qd3 Re8 20. Rce1 Qc5 21. h3 Ne5 22. Qd2 a5 23. Kh1 Ng6 24. Rd1 a4 25. Nc3 axb3 26. axb3 Ra3 27. Nb1 Ra8 28. Nc2 Bf8 29. Ne3 Qe5 30. Nc3 h5 31. Ne2 h4 32. f4 gxf4 33. gxf4 Qh5 34. Nd4 Bh6 35. Nef5 Bxf5 36. Nxf5 Bxf4 37. Rxf4 Nxf4 38. Bf3 Qxf3+ 0-1

[Event "SWE-chT 0001"]
[Site "Sweden"]
[Date "2000.12.09"]
[Round "5"]
[White "Malekian, Babak"]
[Black "Vernersson, Per"]
[Result "0-1"]
[WhiteElo "2290"]
[BlackElo "2433"]
[PlyCount "102"]
[EventDate "2000.10.13"]
[EventType "team"]
[EventRounds "11"]
[EventCountry "SWE"]
[SourceTitle "EXT 2006"]
[Source "ChessBase"]
[SourceDate "2005.11.24"]
[SourceVersion "1"]
[SourceVersionDate "2005.11.24"]
[SourceQuality "1"]
[WhiteTeam "Kirsebergs"]
[BlackTeam "Norrkoping Schack 08"]
[WhiteTeamCountry "SWE"]
[BlackTeamCountry "SWE"]

1. c4 e6 2. Nc3 d5 3. d4 Nf6 4. e3 c5 5. cxd5 Nxd5 6. Nxd5 Qxd5 7. Nf3 Nc6 8. Be2 cxd4 9. exd4 Bb4+ 10. Bd2 Bxd2+ 11. Qxd2 0-0 12. 0-0 Rd8 13. Rfd1 Bd7 14. b4 Qd6 15. b5 Nb4 16. Rac1 Nd5 17. a4 a6 18. bxa6 Bxa4 19. axb7 Rab8 20. Re1 Rxb7 21. Qa5 Be8 22. Rb1 Rxb1 23. Rxb1 Nf4 24. Bf1 Bc6 25. Qe5 Qxe5 26. Nxe5 Be4 27. Rb4 f6 28. Ng4 Bd3 29. g3 Nd5 30. Rb7 Bxf1 31. Kxf1 Kf8 32. Ke2 Ne7 33. Ne3 Rxd4 34. Rb8+ Kf7 35. Rb7 g5 36. h3 h5 37. Kf3 f5 38. Ra7 Kf6 39. Ra6 Ng6 40. Ra2 h4 41. Kg2 hxg3 42. fxg3 Ne5 43. Kf2 f4 44. Nf1 Rd3 45. Ra8 Rb3 46. Ra2 Nd3+ 47. Kg2 Nc5 48. gxf4 gxf4 49. Nd2 Rg3+ 50. Kh2 Re3 51. Kg2 e5 0-1

[Event "Politiken Cup 19th"]
[Site "Copenhagen"]
[Date "1997.07.16"]
[Round "11"]
[White "Bekker Jensen, Simon"]
[Black "Malekian, Babak"]
[Result "0-1"]
[WhiteElo "2305"]
[BlackElo "2260"]
[PlyCount "98"]
[EventDate "1997.07.??"]
[EventType "swiss"]
[EventRounds "11"]
[EventCountry "DEN"]
[SourceTitle "EXT 2000"]
[Source "ChessBase"]
[SourceDate "1999.11.16"]
[SourceVersion "1"]
[SourceVersionDate "1999.11.16"]
[SourceQuality "1"]

1. d4 g6 2. c4 Bg7 3. Nc3 d6 4. e4 Nc6 5. Be3 e5 6. d5 Nce7 7. c5 f5 8. Bb5+ Kf8 9. f4 fxe4 10. fxe5 Bxe5 11. Nxe4 Kg7 12. Nf3 Bg4 13. 0-0 Nf5 14. Bg5 Nge7 15. Qd3 Bxf3 16. Qxf3 h6 17. Bd2 Qg8 18. cxd6 cxd6 19. Bc4 Rc8 20. Qd3 Qd8 21. Bc3 Qb6+ 22. Kh1 Rhf8 23. Rfe1 Kh7 24. Rad1 Bxc3 25. Qxc3 Ng8 26. b3 Rce8 27. Qh3 Qd8 28. a4 Re5 29. Re2 Nd4 30. Re3 Rh5 31. Rxd4 Rxh3 32. Rxh3 Kg7 33. Rd1 Nf6 34. Nxf6 Rxf6 35. Re3 Kf7 36. Rde1 h5 37. Kg1 a6 38. Re6 Rxe6 39. dxe6+ Ke7 40. Rd1 b5 41. axb5 axb5 42. Bd5 Qb6+ 43. Kh1 Qc5 44. h3 g5 45. Kh2 Qe3 46. Kh1 Qe5 47. Kg1 g4 48. hxg4 hxg4 49. Rd3 Qe2 0-1

[Event "Politiken Cup 19th"]
[Site "Copenhagen"]
[Date "1997.07.13"]
[Round "8"]
[White "Malekian, Babak"]
[Black "Rasmussen, Karsten"]
[Result "0-1"]
[WhiteElo "2260"]
[BlackElo "2425"]
[PlyCount "60"]
[EventDate "1997.07.??"]
[EventType "swiss"]
[EventRounds "11"]
[EventCountry "DEN"]
[SourceTitle "EXT 2000"]
[Source "ChessBase"]
[SourceDate "1999.11.16"]
[SourceVersion "1"]
[SourceVersionDate "1999.11.16"]
[SourceQuality "1"]

1. d4 d5 2. c4 e6 3. e3 Nf6 4. Nf3 Nbd7 5. Nc3 c6 6. Bd3 dxc4 7. Bxc4 b5 8. Bd3 Bb7 9. 0-0 b4 10. Ne4 Be7 11. Bd2 0-0 12. Ng3 c5 13. Qe2 Qb6 14. dxc5 Nxc5 15. Bc4 Rac8 16. Rac1 Nfe4 17. Rfd1 Nd6 18. Bd3 Bf6 19. e4 Bxb2 20. Rxc5 Rxc5 21. Be3 Bc3 22. e5 Bxf3 23. Qxf3 Bxe5 24. Qh5 g6 25. Qh4 Qc7 26. Nh5 Bxh2+ 27. Qxh2 Rxh5 28. Qf4 Nb5 29. Qxb4 Nc3 30. Bf4 e5 0-1

[Event "Politiken Cup 19th"]
[Site "Copenhagen"]
[Date "1997.07.12"]
[Round "7"]
[White "Thorhallsson, Throstur"]
[Black "Malekian, Babak"]
[Result "1/2-1/2"]
[WhiteElo "2510"]
[BlackElo "2260"]
[PlyCount "89"]
[EventDate "1997.07.??"]
[EventType "swiss"]
[EventRounds "11"]
[EventCountry "DEN"]
[SourceTitle "EXT 2000"]
[Source "ChessBase"]
[SourceDate "1999.11.16"]
[SourceVersion "1"]
[SourceVersionDate "1999.11.16"]
[SourceQuality "1"]

1. e4 g6 2. d4 c6 3. c4 Bg7 4. Nc3 d6 5. Nf3 Nf6 6. Be2 0-0 7. h3 e5 8. Be3 exd4 9. Nxd4 Re8 10. Bf3 Nbd7 11. 0-0 Nc5 12. Qc2 Qe7 13. Rfe1 Bd7 14. Bf4 Nh5 15. Bxh5 Bxd4 16. Bf3 Ne6 17. Be3 Qf6 18. Rad1 Be5 19. Qd2 Nf4 20. Bg4 Bxg4 21. hxg4 g5 22. g3 Qe6 23. f3 Ng6 24. Kg2 h6 25. b3 a6 26. Bb6 Rac8 27. a4 Kg7 28. Ne2 c5 29. Nc3 Ne7 30. Nd5 Nxd5 31. Qxd5 Qxd5 32. Rxd5 Rc6 33. Ba5 Rb8 34. Bd2 Bd4 35. f4 f6 36. Be3 Bxe3 37. Rxe3 b5 38. axb5 axb5 39. Red3 bxc4 40. bxc4 Rbb6 41. Ra3 Rb7 42. Rad3 Rb4 43. Rxd6 Rxd6 44. Rxd6 Rxc4 45. Rd7+ 1/2-1/2

[Event "Koge op-A"]
[Site "Koge"]
[Date "1997.??.??"]
[Round "5"]
[White "Nielsen, Niels Peter"]
[Black "Malekian, Babak"]
[Result "1/2-1/2"]
[WhiteElo "2170"]
[BlackElo "2260"]
[PlyCount "47"]
[EventDate "1997.??.??"]
[EventType "swiss"]
[EventRounds "9"]
[EventCountry "DEN"]
[SourceTitle "EXT 2000"]
[Source "ChessBase"]
[SourceDate "1999.11.16"]
[SourceVersion "1"]
[SourceVersionDate "1999.11.16"]
[SourceQuality "1"]

1. e4 g6 2. d4 c6 3. c4 Bg7 4. Nc3 d6 5. Nf3 Nd7 6. Be2 Ngf6 7. 0-0 0-0 8. Re1 Qc7 9. h3 e5 10. Be3 Re8 11. d5 Nh5 12. Nh2 Nf4 13. Rc1 c5 14. a3 Nf8 15. b4 b6 16. bxc5 bxc5 17. Rb1 f5 18. Nb5 Qd8 19. exf5 Bxf5 20. Rb3 Nxe2+ 21. Qxe2 g5 22. Qh5 h6 23. Ng4 Kh7 24. Qf7 1/2-1/2

[Event "Koge op-A"]
[Site "Koge"]
[Date "1997.??.??"]
[Round "2"]
[White "Preuss, Flemming"]
[Black "Malekian, Babak"]
[Result "1-0"]
[WhiteElo "2085"]
[BlackElo "2260"]
[PlyCount "115"]
[EventDate "1997.??.??"]
[EventType "swiss"]
[EventRounds "9"]
[EventCountry "DEN"]
[SourceTitle "EXT 2000"]
[Source "ChessBase"]
[SourceDate "1999.11.16"]
[SourceVersion "1"]
[SourceVersionDate "1999.11.16"]
[SourceQuality "1"]

1. f4 g6 2. Nf3 Bg7 3. d3 d6 4. e4 c5 5. Nc3 Nc6 6. g3 e6 7. Bg2 Nge7 8. 0-0 0-0 9. Be3 Nd4 10. Rb1 Nec6 11. Ne2 f5 12. c3 Nxf3+ 13. Bxf3 Qe7 14. Qd2 e5 15. Rbe1 Be6 16. b3 Rac8 17. Bg2 Bf7 18. exf5 gxf5 19. fxe5 Nxe5 20. Rxf5 Bg6 21. Rxf8+ Rxf8 22. Nf4 Qf6 23. Rf1 b6 24. d4 Ng4 25. Nxg6 Qxg6 26. Bd5+ Kh8 27. Rxf8+ Bxf8 28. Bf4 Bg7 29. dxc5 dxc5 30. Kg2 h5 31. h4 Qf6 32. c4 Qe7 33. Bf3 Bd4 34. Qe2 Qd7 35. Qe4 Kg7 36. Qb7 Qxb7 37. Bxb7 Ne5 38. Be4 Kf7 39. Kf1 Ke6 40. Ke2 Kf7 41. Bg5 Ke6 42. a4 Kf7 43. Bd8 Ke8 44. Bg5 Kf7 45. Bf5 Ke8 46. Be6 Kf8 47. Bd5 Kg7 48. Be7 Kg6 49. Be6 Nc6 50. Bd6 Bf6 51. Bd7 Nd4+ 52. Kd3 Kf7 53. b4 cxb4 54. Bxb4 Nf3 55. Ke4 Ne5 56. Bb5 Ke6 57. c5 Be7 58. cxb6 1-0

[Event "Four Nations U20"]
[Site "Tjele"]
[Date "1994.??.??"]
[Round "1"]
[White "Malekian, Babak"]
[Black "Borbjerggaard, Lars"]
[Result "0-1"]
[WhiteElo "2280"]
[BlackElo "2115"]
[PlyCount "162"]
[EventDate "1994.??.??"]
[EventType "team"]
[EventRounds "3"]
[EventCountry "DEN"]
[SourceTitle "EXT 1999"]
[Source "ChessBase"]
[SourceDate "1998.11.16"]
[SourceVersion "1"]
[SourceVersionDate "1998.11.16"]
[SourceQuality "1"]

1. c4 Nf6 2. Nf3 g6 3. b3 Bg7 4. Bb2 0-0 5. g3 d6 6. d4 Nc6 7. Bg2 Rb8 8. 0-0 a6 9. Nbd2 Nd7 10. Qc2 e5 11. e3 exd4 12. Nxd4 Nb4 13. Qb1 Ne5 14. N2f3 Nxf3+ 15. Bxf3 Bh3 16. Rd1 Qf6 17. a3 Nc6 18. Bh1 Ne5 19. f4 Ng4 20. Rd2 Qe7 21. Re2 Rfe8 22. Nc2 Nf6 23. Bf3 Bf5 24. Qd1 Be4 25. Bxe4 Qxe4 26. Bxf6 Bxf6 27. Rb1 b5 28. cxb5 Rxb5 29. b4 h5 30. Rb3 Rd5 31. Rd2 Rxd2 32. Qxd2 Qf3 33. Ne1 Qc6 34. Qc2 Qxc2 35. Nxc2 Re4 36. Kf2 Rc4 37. Ne1 Rc1 38. Ke2 Bc3 39. Nf3 Kf8 40. Kd3 Bf6 41. e4 Ke8 42. e5 dxe5 43. fxe5 Bg7 44. Rc3 Ra1 45. Kc4 Kd7 46. Rd3+ Ke7 47. Kd5 Rc1 48. Nd4 Kd7 49. Rf3 Ke7 50. Re3 Kd7 51. Rf3 Ke7 52. Nc6+ Ke8 53. Re3 Rb1 54. Na5 Kd7 55. Nb3 Bf8 56. Rf3 c6+ 57. Kc4 Ke8 58. Rf6 Bg7 59. Rxc6 Bxe5 60. Rxa6 Rb2 61. Kd5 Bxg3 62. hxg3 Rxb3 63. Kd6 Rd3+ 64. Kc7 Rc3+ 65. Kb7 Rxg3 66. Ra8+ Kd7 67. a4 h4 68. b5 h3 69. b6 Ra3 70. Rh8 g5 71. a5 Rxa5 72. Rxh3 f5 73. Rd3+ Ke6 74. Kc6 Ra8 75. Kc7 f4 76. Rd8 Ra6 77. Rd6+ Ke5 78. b7 Ra7 79. Ra6 Rxb7+ 80. Kxb7 f3 81. Kc6 f2 0-1